000 00395nam a2200157Ia 4500
008 230917s9999||||xx |||||||||||||| ||und||
020 _cPOU15
040 _e4766
_aMAIN
041 _aEnglish
082 _a301.56 D391C
100 _aDemaine, Jack
245 0 _aContemporary theories in the sociology of education
260 _aLondon
_bMacmillan
_c1981
300 _ax, 173 p.
942 _cBK
999 _c221074
_d221074